| 000 | 01119nam0a22003011 4500 | ||
|---|---|---|---|
| 001 | rc\3363176 | ||
| 005 | 20130115152921.1 | ||
| 021 |
_aRU _b[69-27516] |
||
| 035 | _a(NLR Aleph) 007526585 | ||
| 090 |
_a7742045 _c7742045 |
||
| 100 | _a20130115d1969 |||y0rusy50 ca | ||
| 101 | 0 | _arus | |
| 102 | _aRU | ||
| 105 | _aab z ||||| | ||
| 200 | 1 | _aВулканизм северо-западного Кавказа и его связь с тектоникой | |
| 210 |
_aМосква _cИзд-во Моск. ун-та _d1969 |
||
| 215 |
_a203 с., 10 л. ил., карт. _cил., карт. _d27 |
||
| 320 | _aБиблиогр.: с. 194-203 | ||
| 606 |
_aВулканизм _yАбхазская ССР _2psbo |
||
| 606 |
_aТектоника _yАбхазская ССР _2psbo |
||
| 606 |
_aТектоника _yКраснодарский край _2psbo |
||
| 606 |
_aВулканизм _yКраснодарский край _2psbo |
||
| 700 | 1 |
_aЛомизе _bМ. Г. _gМихаил Григорьевич |
|
| 801 | 0 |
_aRU _bNLR _gpsbo |
|
| 801 | 1 |
_aRU _bELAR _2rusmarc |
|
| 852 |
_aNLR _j69-7/967 |
||
| 942 | _cBOOK | ||
| 980 | _aNB | ||